LEADER 00907nam0-2200325---450- 001 990008256580403321 005 20060116144632.0 010 $a88-700-0140-7 035 $a000825658 035 $aFED01000825658 035 $a(Aleph)000825658FED01 035 $a000825658 100 $a20060116d1989----km-y0itay50------ba 101 0 $aita 102 $aIT 105 $a--------001yy 200 1 $a<>corpo di Cesare$epercorsi di una catastrofe nella tragedia del Settecento$fBeatrice Alfonzetti 210 $aModena$cMucchi$dc1989 215 $a265 p.$d19 cm 225 1 $aPercorsi$v14 610 0 $aTragedia$aFrancia$aSec. 18. 676 $a842.5 700 1$aAlfonzetti,$bBeatrice$0154866 801 0$aIT$bUNINA$c20060116$gRICA$2UNIMARC 901 $aBK 912 $a990008256580403321 952 $aF.Russo 1732$fBAT 959 $aBAT 996 $aCorpo di Cesare$9199060 997 $aUNINA LEADER 01436nam2-2200421---450 001 990005650000203316 005 20190403124949.0 035 $a000565000 035 $aUSA01000565000 035 $a(ALEPH)000565000USA01 035 $a000565000 100 $a20040705d1989----|||y0itaa50------ba 101 $aita 102 $ait 105 $a0 00||| 200 1 $aCatalogo dei manoscritti [di Egidio Romano](96-151). 1.2.[1], Italia (Firenze, Padova, Venezia)$fa cura di Francesco Del Punta e Concetta Luna 210 $aFirenze$cL. S. Olschki$d1989 215 $aXXV, 314 p.$d26 cm. 225 2 $aCorpus philosophorum Medii Aevi. Testi e studi$f[a cura dell'] Unione accademica nazionale$v8. 410 0$12001$aCorpus philosophorum Medii Aevi. Testi e studi$v8. 461 0$1001000558123$12001$aAegidii Romani opera omnia$v1.1.2.[1] 620 $dFIRENZE 676 $a230 676 $a189 700 0$aEGIDIO ROMANO$0201777 702 1$aDEL_PUNTA,$bFrancesco 702 1$aLUNA,$bConcetta 801 0$aIT$bSA$c20111219 912 $a990005650000203316 950 0$aDipar.to di Filosofia - Salerno$dDFAA 189 EGI OO$e5973 FIL 951 $aAA 189 EGI$b5973 FIL 959 $aBK 969 $aFIL 979 $c20121027$lUSA01$h1525 979 $c20121027$lUSA01$h1614 996 $aCatalogo dei manoscritti (96-151). 1.2.1, Italia (Firenze, Padova, Venezia$91134431 997 $aUNISA NUM $aSA0010910 LEADER 01518nam0-22005171i-450 001 990006622550403321 005 20250612183104.0 035 $a000662255 035 $aFED01000662255 035 $a(Aleph)000662255FED01 100 $a20110511d1989----km-y0itay50------ba 101 0 $aita 102 $aIT 105 $ay---n---001yy 200 1 $aNovant'anni di previdenza in Italia: culture, politiche, strutture$eatti del convegno, Roma, 9-10 novembre 1988$fINPS 210 $aRoma$cINPS$d1989 215 $a410 p.$d24 cm 300 $aPrevidenza Sociale, suppl. al n. 1 (gennaio-febbraio 89) 676 $a344$v11$zita 710 02$aIstituto nazionale della previdenza sociale$0102615 801 0$aIT$bUNINA$gRICA$2UNIMARC 901 $aBK 912 $a990006622550403321 952 $a361.6 INPS 01$b2025/617$fFLFBC 952 $aXV R 527$fDTE 952 $aX B 33$b13216$fFSPBC 952 $aCong. N 17$b19855*$fFGBC 952 $aD 262$bs.i.$fDSS 952 $aVI H 323$bdono 1430$fDDA 952 $aSE 098.05.04-1$b2750$fDECSE 952 $aSE 098.05.04-2$b2751$fDECSE 952 $aM/4.25 INP$b7760$fSES 952 $a5-4-10--RA$bomaggio$fECA 952 $aI3.116$bdono$fDECTS 959 $aFLFBC 959 $aDSS 959 $aFSPBC 959 $aDDA 959 $aFGBC 959 $aDECSE 959 $aDTE 959 $aSES 959 $aECA 959 $aDECTS 996 $aNovant'anni di previdenza in Italia: culture, politiche, strutture$933481 997 $aUNINA